Los estudiantes frente a la dictadura / (Record no. 93941)

MARC details
000 -LEADER
campo de control de longitud fija 00560nam a2200193 i 4500
001 - NÚMERO DE CONTROL
campo de control 93941
003 - IDENTIFICADOR DE NÚMERO DE CONTROL
campo de control ES-MaACL
005 - FECHA Y HORA DE LA ÚLTIMA TRANSACCIÓN
campo de control 20230906181341.0
007 - CAMPO FIJO DE DESCRIPCIÓN FÍSICA--INFORMACIÓN GENERAL
campo de control de longitud fija t|
008 - DATOS DE LONGITUD FIJA--INFORMACIÓN GENERAL
campo de control de longitud fija 050422s1930 sp |||| | spa d
100 1# - ENTRADA PRINCIPAL--NOMBRE DE PERSONA
Nombre de persona López-Rey, José.
9 (RLIN) 73914
245 14 - MENCIÓN DEL TÍTULO
Título Los estudiantes frente a la dictadura /
Mención de responsabilidad, etc. José López-Rey.
250 ## - MENCION DE EDICION
Mención de edición 1ª ed.
260 ## - PUBLICACIÓN, DISTRIBUCIÓN, ETC.
Lugar de publicación, distribución, etc. Madrid :
Nombre del editor, distribuidor, etc. Javier Morata,
Fecha de publicación, distribución, etc. 1930.
300 ## - DESCRIPCIÓN FÍSICA
Extensión XVI, 316 p., XL p. ;
Dimensiones 19 cm.
500 ## - NOTA GENERAL
Nota general Apéndice documental.
650 #4 - PUNTO DE ACCESO ADICIONAL DE MATERIA--TÉRMINO DE MATERIA
Término de materia o nombre geográfico como elemento de entrada Movimientos estudiantiles-
Subdivisión geográfica España.
9 (RLIN) 15223
852 ## - LOCALIZACIÓN
Ubicación ES-MaACL
Número de control de estantería B-6272
Holdings
Estatus retirado Estado de pérdida Estado de daño No para préstamo Biblioteca de origen Biblioteca actual Ubicación en estantería Fecha de adquisición Fuente de adquisición Total de préstamos Signatura topográfica completa Código de barras Visto por última vez Precio de reemplazo Tipo de ítem Koha
        Biblioteca del Ateneo de Madrid Biblioteca del Ateneo de Madrid Sala Pardo Bazán 17/01/2008     B-6272 1098106 23/02/2023 23/02/2023 Libro impreso